000 01540nam a2200277 c 4500
003 BLK
005 20230802141625.0
008 180408b bul|||||r ||||||| ||bul||
020 _a9786192403652
040 _aBLK
041 _aBUL
_cBUL
080 _aИталианска литература
_b821.131.1
_x-93-34
_z821.131.1-93-34
080 _aИздания за деца и юноши. Книжки-картинки. Читанки. Вж и 372.4
_b087.5
_z087.5
245 1 0 _aКоледни приказки : вълшебен дар
_b6 картонени книжки
_cил. Мария Рита Джентили.
260 _bПАН
_c2021
_9209558
_aСофия
_n978-954-660- ; 978-954-657-
300 _a1 кутия (6 кн.)
_bс цв. ил.
_c23 см ; мини книжки 7х7 см
380 _aDX
500 _aПрев. от итал. език.
505 _tСъдържа: Подарък за Коледа. - [10] с. : с цв. ил. ; 7 x 7 см ; Коледа на Северния полюс. - [10] с. : с цв. ил. ; 7 x 7 см ; Коледна песен. - [10] с. : с цв. ил. ; 7 x 7 см ; Дядо Коледа. - [10] с. : с цв. ил. ; 7 x 7 см ; Коледни чудеса. - [10] с. : с цв. ил. ; 7 x 7 см ; Джуджетата на Дядо Коледа. - [10] с. : с цв. ил. ; 7 x 7 см
700 1 _aДжентили, Мария Рита
_eил.
_9306043
852 _aЦб 318987
856 4 _qpdf
856 4 _qpdf
942 _cKNG
_n0
999 _c493234
_d493234
999 _d94792
944 _a30545
_cНора Радева
_k30545
_lНора Радева